MARC

LEADER 00000nam0a2200000 4500
001 269150
005 20231101234229.0
035 |a (RuTPU)RU\TPU\book\292323 
090 |a 269150 
100 |a 20140915d1986 m y0rusy50 ca 
101 0 |a rus 
102 |a RU 
105 |a a f 000zy 
200 1 |a Электроника шаг за шагом  |e практическая энциклопедия юного радиолюбителя  |f Р. А. Сворень 
210 |a Москва  |c Детская литература  |d 1986 
215 |a 431 с.  |c схемы 
606 1 |a Электроника  |2 stltpush  |3 (RuTPU)RU\TPU\subj\20310  |9 45419 
610 1 |a энциклопедии 
610 1 |a схемы 
610 1 |a конструкции 
610 1 |a справочные материалы 
610 1 |a электротехника 
610 1 |a радиотехника 
610 1 |a звукозапись 
610 1 |a телевидение 
610 1 |a музыка 
675 |a 621.38  |v 3 
700 1 |a Сворень  |b Р. А.  |g Рудольф Анатольевич 
801 1 |a RU  |b 63413507  |c 20140915 
801 2 |a RU  |b 63413507  |c 20160218  |g RCR 
942 |c BK